Православный ученый в современном мире. Духовно-нравственная культура и цели российского образования: новации, преемственность, мировоззренческие парадигмы (Запись № 10352057)

Подробности
000 -МАРКЕР
контрольное поле 03743nam1a2200409 i 4500
001 - ИДЕНТИФИКАТОР ЗАПИСИ
контрольное поле RU\NLR\BIBL_A\010846120
005 - ИДЕНТИФИКАТОР ВЕРСИИ
контрольное поле 20260409075606.0
035 ## - ДРУГИЕ СИСТЕМНЫЕ НОМЕРА
Идентификатор записи (NLR Aleph) 010846120
100 ## - ДАННЫЕ ОБЩЕЙ ОБРАБОТКИ
Данные общей обработки 20150330g20149999k y0rusy50 ca
101 0# - ЯЗЫК РЕСУРСА
Язык текста, звукозаписи и т.д. русский
Язык резюме английский
102 ## - СТРАНА ПУБЛИКАЦИИ ИЛИ ПРОИЗВОДСТВА
Страна публикации российская федерация
105 ## - ПОЛЕ КОДИРОВАННЫХ ДАННЫХ: ТЕКСТОВЫЕ МАТЕРИАЛЫ, МОНОГРАФИЧЕСКИЕ
Кодированные данные о монографическом текстовом документе | z |||||
200 1# - ЗАГЛАВИЕ И СВЕДЕНИЯ ОБ ОТВЕТСТВЕННОСТИ
Основное заглавие Православный ученый в современном мире. Духовно-нравственная культура и цели российского образования: новации, преемственность, мировоззренческие парадигмы
Сведения, относящиеся к заглавию материалы 3-й международной научно-практической конференции, Свято-Троице Сергиева лавра, Сергиев Посад, 16 октября 2014 г., [проходившей в рамках форума "Духовное служение отечеству"]
Первые сведения об ответственности Форум "Духов. служение отечеству"
Последующие сведения об ответственности [редкол.: гл. ред. - Прот. Геннадий Заридзе и др.]
210 ## - ПУБЛИКАЦИЯ, РАСПРОСТРАНЕНИЕ И ДР.
Место издания, распространения и т.д. Воронеж
Имя издателя, распространителя и т. д. Истоки
Дата издания, распространения и т.д. 2014
215 ## - ФИЗИЧЕСКАЯ ХАРАКТЕРИСТИКА
Размеры 21
300 ## - ОБЩИЕ ПРИМЕЧАНИЯ
Текст примечания На доп. тит. л. загл. на англ. яз.: Proceedings of the III international conference 'Orthodox christian scholar in the modern world'
300 ## - ОБЩИЕ ПРИМЕЧАНИЯ
Текст примечания В надзаг.: Моск. Православ. духов. акад., Межрегион. просвет. обществ. орг. "Об-ние православ. ученых", Межрегион. обществ. орг. "Совет ректоров мед. и фармацевт. вузов России" [и др.]
300 ## - ОБЩИЕ ПРИМЕЧАНИЯ
Текст примечания Рез. на англ. яз.
300 ## - ОБЩИЕ ПРИМЕЧАНИЯ
Текст примечания На тит. л.: 700 лет со дня рождения прп. Сергия Радонежского. 200 лет пребывания Моск. духов. акад. в стенах Свято-Троиц. Сергиевой лавры
517 1# - ДРУГИЕ ВАРИАНТЫ ЗАГЛАВИЯ
Вариант заглавия Proceedings of the III international conference 'Orthodox christian scholar in the modern world'
Язык заглавия английский
606 1# - НАИМЕНОВАНИЕ ТЕМЫ КАК ПРЕДМЕТ
Наименование темы Наука и православие
Формальный подзаголовок Съезды, совещания и т.п
Системный номер авторитетной/нормативной записи 1681113
Идентификатор авторитетной/нормативной записи RU\NLR\AUTH\66746399
606 1# - НАИМЕНОВАНИЕ ТЕМЫ КАК ПРЕДМЕТ
Наименование темы Православие и образование
Формальный подзаголовок Съезды, совещания и т.п
Системный номер авторитетной/нормативной записи 2280388
Идентификатор авторитетной/нормативной записи RU\NLR\AUTH\661366281
606 ## - НАИМЕНОВАНИЕ ТЕМЫ КАК ПРЕДМЕТ
Наименование темы Духовно-нравственное воспитание
Формальный подзаголовок Съезды, совещания и т.п
Идентификатор авторитетной/нормативной записи RU\NLR\AUTH\661472659
Системный номер авторитетной/нормативной записи 2480714
686 2# - ИНДЕКСЫ ДРУГИХ КЛАССИФИКАЦИЙ
Индекс Э372.24-12я431
686 2# - ИНДЕКСЫ ДРУГИХ КЛАССИФИКАЦИЙ
Индекс Э372.24-117.33я431
686 1# - ИНДЕКСЫ ДРУГИХ КЛАССИФИКАЦИЙ
Индекс Ч34(0)01я431
686 1# - ИНДЕКСЫ ДРУГИХ КЛАССИФИКАЦИЙ
Индекс Ч313.52я431
702 #1 - ИМЯ ЛИЦА - ВТОРИЧНАЯ ОТВЕТСТВЕННОСТЬ
Код отношения Редактор
Графика поля Кириллица
Материалы, к которым относится поле rus
Начальный элемент ввода Заридзе
Часть имени, кроме начального элемента ввода Г. В.
Дополнения к именам, кроме дат протоиерей
Даты 1959-
Расширение инициалов личного имени Геннадий Владимирович
Системный номер авторитетной/нормативной записи 210118
Идентификатор авторитетной/нормативной записи RU\NLR\AUTH\770210172
711 12 - НАИМЕНОВАНИЕ ОРГАНИЗАЦИИ - АЛЬТЕРНАТИВНАЯ ОТВЕТСТВЕННОСТЬ
Начальный элемент ввода "Православный ученый в современном мире. Духовно-нравственная культура и цели российского образования: новации, преемственность, мировоззренческие парадигмы", международная научно-практическая конференция
Порядковый номер временной организации и / или порядковый номер ее части 3
Место проведения временной организации Сергиев Посад
Дата проведения временной организации 2014
Системный номер авторитетной/нормативной записи 474181
Идентификатор авторитетной/нормативной записи RU\NLR\AUTH\880403576
711 12 - НАИМЕНОВАНИЕ ОРГАНИЗАЦИИ - АЛЬТЕРНАТИВНАЯ ОТВЕТСТВЕННОСТЬ
Начальный элемент ввода "Духовное служение отечеству", форум
Место проведения временной организации Сергиев Посад
Дата проведения временной организации 2014
Системный номер авторитетной/нормативной записи 474264
Идентификатор авторитетной/нормативной записи RU\NLR\AUTH\880403622
852 ## - МЕСТОНАХОЖДЕНИЕ И ШИФР ХРАНЕНИЯ
Идентификатор организации NLR
Шифр хранения (Call Number) 2015-3/20419
942 ## - ДОПОЛНИТЕЛЬНЫЕ ЭЛЕМЕНТЫ ЗАПИСИ (АБИС)
Тип экземпляра АБИС Книга

Нет доступных экземпляров.